000 00266nam a22001217a 4500
008 170718b xxu||||| |||| 00| 0 eng d
041 _aeng
080 _a2
100 _a24
101 _aTEO
245 _aAN ALBUM OF THE JEWS IN AMERICA
_cSUHL, Y
942 _2udc
_cBK
999 _c21438
_d21438